000 00472nab a22001577 4500
003 ES-SlBCS
005 20210327224030.0
008 140521s2014 sp ||||| |||| 00| 0 spa d
040 _aES-SlBC
_bspa
041 _aspa
100 1 _aWilfred, FéLIX
_910288
245 1 0 _aOrtodoxia cristiana
_cFelix Wilfred y Daniel Franklin Pilario
700 1 _aFranklin Pilario, Daniel
_991618
773 0 _gNúm. 355, 2014, págs. 7-12
_tConcilium
_wRev134
_x0210-1041
942 _2lcc
_cAR
999 _c454017
_d454017